000 00612nam a22001217a 4500
040 _cRUA
082 _aVEM HEM 2025 B705 Or.1
100 _aHEM SOPHORN, ហែម សោភ័ណ្ណ
245 _aParasites In The intestines Of​ pigs in prek phthal Commune, angkor borei District, takeo province. បរាសិតក្នុងក្រពះ​ពោះវៀនជ្រូក នៅឃុំព្រែកផ្ទោល ស្រុកអង្គរបូរី ខេត្តតាកែវ
260 _aPHNOM PENH
_bRUA
_c2025
300 _axi, 48p.
_bill.
_c29cm.
942 _cសារណាបទ
999 _c25588
_d25588